Every Mike Breen Double Bang Quiz - Statistics

General Stats
  • This quiz has been taken 5 times
  • The average score is 6 of 11
Answer Stats
Play Call Player % Correct
"_______ comes free. _______ wide open three—BANG! BANG! _______from downtown!" Stephen Curry
100%
"Looking—Looking—_______ gets free. _______ puts up a three—BANG!BANG! He ties the game with 6.3 remaining!" Stephen Curry
100%
"They do have a timeout—decide not to use it—_______—way downtown—BANG! BANG! Oh, what a shot from _______!" Stephen Curry
100%
"Thrown into the corner—_______ fakes—fires up the three—BANG! BANG!_______ _______ knocks down the three to tie the game!" Jaylen Brown
60%
"Finney-Smith to inbound. Back to _______. _______ pulls up—three-pointer—BANG! BANG! It's good! _______ wins the game at the buzzer! Luka Dončić
60%
"Tatum falls down! Throws it ahead—Schröder—Schröder to _______—three-pointer—BANG! BANG! He ties the game at the buzzer!" Marcus Smart
60%
"Knicks trying to wait 'till the end—_______ puts up a three—BANG! BANG!_______ _______ hits the three with 4.3 remaining!" Jalen Brunson
40%
"Hart gets it—right back to _______—_______ puts up a three—BANG!BANG! _______ _______ wins it at the buzzer!" Mikal Bridges
40%
_______ his shot—won't go! Hartenstein the rebound! Hartenstein gets it out to Anunoby! _______ a three—BANG! BANG! Knicks take a one-point lead!" Donte DiVincenzo
20%
"_______ on the drive—stripped by Butler! _______ gets it back. _______puts up a three—BANG! BANG! _______ knocks down the three with seven tenths of a second remaining!" Julius Randle
20%
"They find _______. _______ puts up a three! BANG! BANG! He ties the game! Two seconds remaining! Caldwell-Pope at the buzzer—won't go, and we go to overtime!" Eric Gordon
0%
No matching quizzes found
Score Distribution
Percent of People with Each Score
Percentile by Number Answered
Your Score History
You have not taken this quiz